| 000 | 00566cam a2200217 i 4500 | ||
|---|---|---|---|
| 001 | 863713 | ||
| 005 | 20180202041509.0 | ||
| 008 | 790713s1979 wiua b 001 0 eng | ||
| 010 | _a 79007745 | ||
| 020 | _a0891180338 | ||
| 040 |
_aDLC _cDLC _dDLC |
||
| 041 | _aeng | ||
| 080 | _a632..9 enn | ||
| 082 | 0 | 0 | _a632..9 enn |
| 100 | _a9 | ||
| 101 | _amje | ||
| 245 | 0 | 0 |
_aIntroduction to crop protection / _cW.B. Ennis, Jr., editor. |
| 504 | _aIncludes bibliographies and index. | ||
| 906 |
_a7 _bcbc _corignew _d1 _eocip _f19 _gy-gencatlg |
||
| 942 |
_2ddc _cBK |
||
| 999 |
_c41588 _d41588 |
||